Pays les plus médaillés aux jeux paralympiques d'hiver par sport - Statistiques

Statistiques générales
  • Ce quiz a été pris 102 fois
  • Le résultat moyen est 16 sur 18
Statistiques - réponses
Sport Pays Nombre Médailles % Correct
Hockey sur luge 1 États Unis 5
98%
2 États Unis 257
98%
Snowboard 1 États Unis 17
98%
2 Russie 66
98%
3 Russie 144
98%
2 Suède 3
95%
2 Norvège 5
94%
2 Norvège 163
94%
Curling 1 Canada 5
93%
3 Canada 5
93%
Ski de fond 1 Finlande 164
90%
2 Chine 10
86%
3 Chine 2
86%
3 Allemagne 56
85%
3 Allemagne 131
85%
Ski alpin 1 Autriche 264
69%
3 Pays Bas 6
59%
Biathlon 1 Ukraine 77
52%
Aucun quiz correspondant
Distribution des résultats
% des personnes avec chaque résultat
Percentile par nombre de réponses
Votre historique - résultats
Vous n’avez pas pris ce quiz